000 00540nam a2200181Ia 4500
003 GCL
008 140319s9999 xx 000 0 ara d
040 _aGCL /
_cGCL
082 0 4 _a817.566
_bا ظ
100 1 _aانطوان الفوال
245 1 0 _aظرفاء لبنان /
_cانطوان الفوال
300 _a208 ص
490 _aالهيئة العامة للاستعلامات
_v0
650 0 4 _aالادب العربى
650 0 4 _aلبنان
650 0 4 _aالاهاجى والفكاهات العربية
942 _2ddc
_cBK
999 _c49092
_d49092